[Event "Budapest-chT1 Lilienthal 1516"]
[Site "Budapest"]
[Date "2015.10.11"]
[Round "3"]
[White "Bodrogi, Mihaly"]
[Black "Fogarassy, Zsolt"]
[Result "0-1"]
[WhiteElo "2044"]
[BlackElo "2058"]
[PlyCount "35"]
[EventDate "2015.09.20"]
[EventType "team-tourn"]
[EventRounds "9"]
[EventCountry "HUN"]
[SourceTitle "EXT 2021"]
[Source "ChessBase"]
[SourceDate "2020.10.23"]
[SourceVersion "1"]
[SourceVersionDate "2020.10.23"]
[SourceQuality "1"]
[WhiteTeam "Budapest EAC II"]
[BlackTeam "SENSE"]
[WhiteTeamCountry "HUN"]
[BlackTeamCountry "HUN"]

1. d4 d5 2. c4 e6 3. Nf3 c6 4. e3 Nf6 5. Nc3 Nbd7 6. Qc2 Bd6 7. g4 Nxg4 8. Rg1 Nxh2 9. Nxh2 Bxh2 10. Rxg7 Qf6 11. Rg2 Bd6 12. Bd2 Qf3 13. e4 Bf4 14. cxd5 cxd5 15. Bxf4 Qxf4 16. exd5 Nf6 17. dxe6 fxe6 18. Rg3 0-1

[Event "Budapest-chT1 Lilienthal 1516"]
[Site "Budapest"]
[Date "2015.09.27"]
[Round "2"]
[White "Fogarassy, Zsolt"]
[Black "Lengyel, Laszlo"]
[Result "1-0"]
[WhiteElo "2058"]
[BlackElo "2047"]
[PlyCount "81"]
[EventDate "2015.09.20"]
[EventType "team-tourn"]
[EventRounds "9"]
[EventCountry "HUN"]
[SourceTitle "EXT 2021"]
[Source "ChessBase"]
[SourceDate "2020.10.23"]
[SourceVersion "1"]
[SourceVersionDate "2020.10.23"]
[SourceQuality "1"]
[WhiteTeam "SENSE"]
[BlackTeam "Budapest Ujpest KSE"]
[WhiteTeamCountry "HUN"]
[BlackTeamCountry "HUN"]

1. d4 e6 2. c4 c5 3. d5 d6 4. e4 g6 5. Nc3 exd5 6. Nxd5 Nc6 7. Nf3 h6 8. Bf4 Bg4 9. Qb3 Qd7 10. Qc3 Rh7 11. e5 Bxf3 12. gxf3 0-0-0 13. 0-0-0 Nd4 14. Qa3 Kb8 15. Bd3 dxe5 16. Bxe5+ Bd6 17. f4 Nc6 18. Rhe1 f5 19. Bf1 Nxe5 20. fxe5 Bf8 21. Nf6 Nxf6 22. Rxd7 Nxd7 23. Qg3 Nb6 24. e6+ Bd6 25. Qxg6 Re7 26. Qxf5 Bxh2 27. f4 Bg1 28. Qe5+ Kc8 29. Qf6 Rde8 30. Qxh6 Bd4 31. f5 Rh8 32. Qf4 Bf6 33. b3 Rh4 34. Qd6 Rd4 35. Qxc5+ Kb8 36. Bg2 Nc8 37. Rd1 Bg5+ 38. Kc2 Rg4 39. Qe5+ Rc7 40. Bf3 Bf4 41. Qxc7+ 1-0

[Event "Budapest-chT1 Lilienthal 1314"]
[Site "Budapest"]
[Date "2014.03.09"]
[Round "9"]
[White "Fogarassy, Zsolt"]
[Black "Pongo, Istvan"]
[Result "1-0"]
[WhiteElo "1999"]
[BlackElo "1862"]
[PlyCount "147"]
[EventDate "2013.09.29"]
[EventType "team-tourn"]
[EventRounds "11"]
[EventCountry "HUN"]
[SourceTitle "EXT 2021"]
[Source "ChessBase"]
[SourceDate "2020.10.23"]
[SourceVersion "1"]
[SourceVersionDate "2020.10.23"]
[SourceQuality "1"]
[WhiteTeam "SENSE"]
[BlackTeam "REAC SISE"]
[WhiteTeamCountry "HUN"]
[BlackTeamCountry "HUN"]

1. d4 b6 2. c4 Bb7 3. Nc3 e6 4. a3 Nf6 5. Nf3 d5 6. cxd5 Nxd5 7. Qc2 c5 8. e4 Nxc3 9. bxc3 Be7 10. Bb5+ Bc6 11. Bd3 h6 12. Ne5 0-0 13. Be3 Bb7 14. 0-0 Nd7 15. f4 Rc8 16. Qe2 Nf6 17. f5 Nxe4 18. fxe6 f5 19. Nd7 Bd6 20. Qh5 Qe8 21. Qh3 Qxe6 22. Nxf8 Rxf8 23. dxc5 bxc5 24. Bf4 Be7 25. Rab1 Bd5 26. Rb8 g5 27. Rxf8+ Bxf8 28. Bb8 c4 29. Bxe4 Bxe4 30. Bxa7 Bxa3 31. Rd1 Bd3 32. Qe3 Qxe3+ 33. Bxe3 Kf7 34. Bd4 h5 35. Ra1 Bd6 36. Ra6 Ke7 37. Kf2 g4 38. g3 Kd7 39. Ra7+ Ke6 40. Rh7 f4 41. Rh6+ Kd7 42. Rxh5 fxg3+ 43. hxg3 Ke6 44. Rh6+ Kd5 45. Rh8 Ke6 46. Ra8 Kd5 47. Ra6 Bc7 48. Be3 Be5 49. Bd2 Bf5 50. Ra3 Ke4 51. Ra5 Bc7 52. Rb5 Be6 53. Rb7 Bd6 54. Be3 Bc8 55. Rb6 Bxg3+ 56. Kxg3 Kxe3 57. Rc6 Bf5 58. Rxc4 Kd3 59. Rc5 Ke4 60. Rc7 Be6 61. Re7 Kf5 62. Re8 Kf6 63. Kf4 Kf7 64. Rd8 Ke7 65. Rd4 Kf6 66. c4 Bc8 67. c5 Ke7 68. c6 Ke8 69. c7 Bd7 70. Ke5 g3 71. Rd3 g2 72. Rg3 Bc8 73. Kd6 Bb7 74. Rxg2 1-0

[Event "Budapest-chT1 Lilienthal 1314"]
[Site "Budapest"]
[Date "2013.11.10"]
[Round "3"]
[White "Fogarassy, Zsolt"]
[Black "Vass, Lajos"]
[Result "1-0"]
[WhiteElo "1999"]
[BlackElo "2138"]
[PlyCount "43"]
[EventDate "2013.09.29"]
[EventType "team-tourn"]
[EventRounds "11"]
[EventCountry "HUN"]
[SourceTitle "EXT 2021"]
[Source "ChessBase"]
[SourceDate "2020.10.23"]
[SourceVersion "1"]
[SourceVersionDate "2020.10.23"]
[SourceQuality "1"]
[WhiteTeam "SENSE"]
[BlackTeam "Budapest EAC III"]
[WhiteTeamCountry "HUN"]
[BlackTeamCountry "HUN"]

1. d4 Nf6 2. c4 e5 3. dxe5 Ng4 4. Bf4 d6 5. Nf3 Nc6 6. Bg5 Qd7 7. exd6 Bxd6 8. Nc3 Qf5 9. e3 0-0 10. Bd3 Qa5 11. 0-0 Nxh2 12. Nd5 Bg4 13. a3 Ne5 14. b4 Nhxf3+ 15. gxf3 Bxf3 16. Bxh7+ Kh8 17. Qd4 Bxd5 18. f4 Qb6 19. c5 Bxc5 20. bxc5 Qe6 21. f5 Qd7 22. Qh4 1-0

[Event "Budapest-chT1 Lilienthal 1213"]
[Site "Budapest"]
[Date "2013.05.05"]
[Round "11"]
[White "Fogarassy, Zsolt"]
[Black "Fordan, Tibor"]
[Result "1/2-1/2"]
[WhiteElo "1986"]
[BlackElo "2223"]
[PlyCount "55"]
[EventDate "2012.09.30"]
[EventType "team-tourn"]
[EventRounds "11"]
[EventCountry "HUN"]
[SourceTitle "EXT 2019"]
[Source "ChessBase"]
[SourceDate "2018.10.10"]
[SourceVersion "1"]
[SourceVersionDate "2018.10.10"]
[SourceQuality "1"]
[WhiteTeam "Budapest SENSE"]
[BlackTeam "Budapest EAC"]
[WhiteTeamCountry "HUN"]
[BlackTeamCountry "HUN"]

1. d4 d5 2. c4 e6 3. Nc3 c5 4. cxd5 exd5 5. Nf3 Nc6 6. g3 Nf6 7. Bg2 Be7 8. Bg5 cxd4 9. Nxd4 Qb6 10. Bxf6 Bxf6 11. Nxd5 Qa5+ 12. b4 Nxb4 13. Nxf6+ gxf6 14. Qd2 Bd7 15. Bxb7 Rb8 16. Bg2 0-0 17. 0-0 Rfd8 18. a3 Nc6 19. Qxa5 Nxa5 20. Rfc1 Ba4 21. e3 Nb3 22. Nxb3 Bxb3 23. Rc7 a5 24. Rb7 Rxb7 25. Bxb7 a4 26. Kf1 Rd2 27. Ke1 Rb2 28. Bf3 1/2-1/2

[Event "Budapest-chT1 Lilienthal 1213"]
[Site "Budapest"]
[Date "2013.02.24"]
[Round "8"]
[White "Kerek, Krisztian"]
[Black "Fogarassy, Zsolt"]
[Result "1-0"]
[WhiteElo "2291"]
[BlackElo "1986"]
[PlyCount "113"]
[EventDate "2012.09.30"]
[EventType "team-tourn"]
[EventRounds "11"]
[EventCountry "HUN"]
[SourceTitle "EXT 2019"]
[Source "ChessBase"]
[SourceDate "2018.10.10"]
[SourceVersion "1"]
[SourceVersionDate "2018.10.10"]
[SourceQuality "1"]
[WhiteTeam "Barcza GSC"]
[BlackTeam "Budapest SENSE"]
[WhiteTeamCountry "HUN"]
[BlackTeamCountry "HUN"]

1. e4 e5 2. Nf3 Nc6 3. Bb5 a6 4. Ba4 Nf6 5. 0-0 Be7 6. Qe2 b5 7. Bb3 0-0 8. c3 d5 9. exd5 Nxd5 10. Nxe5 Nf4 11. Qe4 Nxe5 12. d4 Ned3 13. Bxf4 Nxf4 14. Qxf4 Bb7 15. Na3 h5 16. Qe5 Bd6 17. Qxh5 Qf6 18. Bd5 g6 19. Qf3 Bxh2+ 20. Kxh2 Qd6+ 21. Kg1 Bxd5 22. Qg3 Qxg3 23. fxg3 Rae8 24. Nc2 a5 25. Kf2 Re6 26. Ne3 Bb7 27. Rae1 Rfe8 28. Ng4 Rxe1 29. Rxe1 Rxe1 30. Kxe1 Kg7 31. Kf2 Be4 32. Ne5 Bb1 33. a4 bxa4 34. Nc4 Be4 35. Nxa5 Bd5 36. c4 Be4 37. d5 Kf8 38. Ke3 Bxg2 39. Nb7 Ke7 40. Kd4 c6 41. d6+ Ke6 42. c5 Bd5 43. Na5 Kd7 44. Nc4 Kd8 45. Nb6 Bb3 46. Ke5 Ke8 47. g4 Kd8 48. g5 Ke8 49. Kd4 Kd8 50. Kc3 Ke8 51. Kb4 Bd1 52. Nxa4 Bxa4 53. Kxa4 f5 54. gxf6 g5 55. Ka5 g4 56. Kb6 g3 57. Kc7 1-0

[Event "Budapest-chT1 Lilienthal 1213"]
[Site "Budapest"]
[Date "2012.11.11"]
[Round "3"]
[White "Fogarassy, Zsolt"]
[Black "Bodrogi, Laszlo"]
[Result "1/2-1/2"]
[WhiteElo "1986"]
[BlackElo "2038"]
[PlyCount "108"]
[EventDate "2012.09.30"]
[EventType "team-tourn"]
[EventRounds "11"]
[EventCountry "HUN"]
[SourceTitle "EXT 2019"]
[Source "ChessBase"]
[SourceDate "2018.10.10"]
[SourceVersion "1"]
[SourceVersionDate "2018.10.10"]
[SourceQuality "1"]
[WhiteTeam "Budapest SENSE"]
[BlackTeam "Fabulon"]
[WhiteTeamCountry "HUN"]
[BlackTeamCountry "HUN"]

1. d4 Nf6 2. c4 e6 3. Nf3 b6 4. a3 Ba6 5. Qa4 Be7 6. Nc3 Bb7 7. e3 0-0 8. Bd3 d5 9. cxd5 exd5 10. 0-0 Bd6 11. Ne5 Bxe5 12. dxe5 Nfd7 13. Qc2 g6 14. f4 Nc5 15. b4 Nxd3 16. Qxd3 Nd7 17. Bb2 a5 18. Nxd5 axb4 19. axb4 Nxe5 20. Bxe5 Qxd5 21. Qxd5 Bxd5 22. Bxc7 Rxa1 23. Rxa1 b5 24. g4 Rc8 25. Ra7 Ra8 26. Ra5 Rxa5 27. bxa5 Kf8 28. Kf2 Ke7 29. Ke2 Kd7 30. Bb6 Be4 31. Kd2 b4 32. Bc5 b3 33. Kc3 Kc6 34. Ba3 Bc2 35. Kb4 h5 36. gxh5 gxh5 37. h4 Kd6 38. Kb5+ Ke6 39. a6 Kf5 40. a7 Be4 41. Kc4 Kg4 42. Kxb3 Kxh4 43. f5 Kg5 44. Bd6 Kxf5 45. Kc3 Kg4 46. Kd4 Kf5 47. Bg3 Ba8 48. Bf4 h4 49. Kc5 Ke6 50. Bh2 h3 51. Bf4 Be4 52. Bh2 Kf5 53. Kd6 Kg4 54. Ke5 f5 1/2-1/2

[Event "Budapest Karacsonyi op 3rd"]
[Site "Budapest"]
[Date "2011.12.30"]
[Round "6"]
[White "Pammer Zagroczky, Gabor"]
[Black "Fogarassy, Zsolt"]
[Result "0-1"]
[WhiteElo "1928"]
[BlackElo "1952"]
[PlyCount "34"]
[EventDate "2011.12.27"]
[EventType "swiss"]
[EventRounds "7"]
[EventCountry "HUN"]
[SourceTitle "EXT 2020"]
[Source "ChessBase"]
[SourceDate "2019.10.17"]
[SourceVersion "1"]
[SourceVersionDate "2019.10.17"]
[SourceQuality "1"]

1. e4 e5 2. Nf3 Nc6 3. Bb5 a6 4. Ba4 Nf6 5. Bxc6 dxc6 6. d3 Bd6 7. b3 Be6 8. Bb2 Nd7 9. Nbd2 f6 10. Nf1 Qe7 11. a4 0-0-0 12. Ne3 Bb4+ 13. c3 Nc5 14. Nd5 cxd5 15. cxb4 Nxb3 16. Qxb3 dxe4 17. Qc3 Rxd3 0-1

[Event "Budapest-chT1 Lilienthal 1112"]
[Site "Budapest"]
[Date "2011.12.04"]
[Round "4"]
[White "Fogarassy, Zsolt"]
[Black "Schenkerik, Csaba"]
[Result "0-1"]
[WhiteElo "1952"]
[BlackElo "2156"]
[PlyCount "70"]
[EventDate "2011.10.02"]
[EventType "team-tourn"]
[EventRounds "11"]
[EventCountry "HUN"]
[SourceTitle "EXT 2020"]
[Source "ChessBase"]
[SourceDate "2019.10.17"]
[SourceVersion "1"]
[SourceVersionDate "2019.10.17"]
[SourceQuality "1"]
[WhiteTeam "Hid Unio"]
[BlackTeam "REAC SISE"]
[WhiteTeamCountry "HUN"]
[BlackTeamCountry "HUN"]

1. d4 d5 2. c4 e6 3. Nc3 c6 4. Nf3 Nf6 5. Bg5 dxc4 6. e4 b5 7. e5 h6 8. Bh4 g5 9. Nxg5 hxg5 10. Bxg5 Nbd7 11. g3 Qb6 12. exf6 Bb7 13. Bg2 c5 14. d5 0-0-0 15. f4 b4 16. Na4 Qb5 17. 0-0 exd5 18. Bxd5 Bxd5 19. Qxd5 Qxa4 20. b3 Qa6 21. bxc4 Qd6 22. Qa8+ Nb8 23. Rad1 Qxd1 24. Rxd1 Rxd1+ 25. Kg2 Rd2+ 26. Kf3 Rxa2 27. Qd5 Kc7 28. f5 Bd6 29. Bf4 Bxf4 30. Qxc5+ Nc6 31. Kxf4 Raxh2 32. Qd5 R2h7 33. c5 Rd8 34. Qb3 Rd4+ 35. Kf3 Rd3+ 0-1

[Event "Budapest-chT1 Lilienthal 1112"]
[Site "Budapest"]
[Date "2011.10.02"]
[Round "1"]
[White "Fogarassy, Zsolt"]
[Black "Juhasz, Mark"]
[Result "0-1"]
[WhiteElo "1952"]
[BlackElo "2193"]
[PlyCount "55"]
[EventDate "2011.10.02"]
[EventType "team-tourn"]
[EventRounds "11"]
[EventCountry "HUN"]
[SourceTitle "EXT 2020"]
[Source "ChessBase"]
[SourceDate "2019.10.17"]
[SourceVersion "1"]
[SourceVersionDate "2019.10.17"]
[SourceQuality "1"]
[WhiteTeam "Hid Unio"]
[BlackTeam "Budapest Ujpest KSE"]
[WhiteTeamCountry "HUN"]
[BlackTeamCountry "HUN"]

1. d4 Nf6 2. c4 c5 3. d5 b5 4. cxb5 a6 5. b6 d6 6. a4 Qxb6 7. Nc3 Qb4 8. f3 e6 9. e4 exd5 10. exd5 Be7 11. Bd2 Qh4+ 12. g3 Qh5 13. Be2 Nxd5 14. f4 Nxc3 15. Bxc3 Qh6 16. Qb3 Nd7 17. Nf3 0-0 18. f5 Rb8 19. Qc2 d5 20. 0-0 Qe3+ 21. Rf2 Nf6 22. Ng5 c4 23. Kg2 Bc5 24. Rf4 d4 25. Bxc4 dxc3 26. bxc3 Bb7+ 27. Kh3 Bd6 28. Nxf7 0-1

[Event "Budapest-chT1 Lilienthal 1011"]
[Site "Budapest"]
[Date "2011.03.20"]
[Round "11"]
[White "Fogarassy, Zsolt"]
[Black "Csillag, Janos"]
[Result "1/2-1/2"]
[WhiteElo "1913"]
[BlackElo "1975"]
[PlyCount "81"]
[EventDate "2010.09.19"]
[EventType "team-tourn"]
[EventRounds "11"]
[EventCountry "HUN"]
[SourceTitle "EXT 2020"]
[Source "ChessBase"]
[SourceDate "2019.10.17"]
[SourceVersion "1"]
[SourceVersionDate "2019.10.17"]
[SourceQuality "1"]
[WhiteTeam "Hid Unio"]
[BlackTeam "Taban Spartacus II"]
[WhiteTeamCountry "HUN"]
[BlackTeamCountry "HUN"]

1. d4 Nf6 2. c4 g6 3. Nc3 Bg7 4. e4 d6 5. f4 0-0 6. Bd3 c5 7. d5 e6 8. Nf3 exd5 9. cxd5 b5 10. Bxb5 Nxe4 11. Nxe4 Qa5+ 12. Kf2 Qxb5 13. Nxd6 Qb6 14. Nxc8 Rxc8 15. Ne5 f6 16. d6 fxe5 17. Qd5+ Kh8 18. Qxa8 Qxd6 19. Qe4 Nc6 20. Rf1 exf4 21. Kg1 g5 22. Rb1 Ne5 23. b3 Nd3 24. Rf3 Bd4+ 25. Kf1 Ne5 26. Rh3 Rc7 27. Bb2 Qa6+ 28. Qe2 Qxa2 29. Bxd4 Qxe2+ 30. Kxe2 cxd4 31. Rh5 Rc2+ 32. Kf1 Kg7 33. Rxg5+ Kf6 34. Rg8 d3 35. Rf8+ Kg5 36. h3 Nc6 37. Rd1 Rc3 38. Rc8 Kf5 39. b4 a6 40. Re1 Rc2 41. Rf8+ 1/2-1/2

[Event "HUN-chT2 Erkel 0203"]
[Site "Hungary"]
[Date "2003.03.23"]
[Round "9"]
[White "Fogarassy, Zsolt"]
[Black "Fazekas, Peter"]
[Result "0-1"]
[WhiteElo "1884"]
[BlackElo "1563"]
[PlyCount "120"]
[EventDate "2002.09.22"]
[EventType "team"]
[EventRounds "11"]
[EventCountry "HUN"]
[SourceTitle "EXT 2009"]
[Source "ChessBase"]
[SourceDate "2008.11.26"]
[SourceVersion "1"]
[SourceVersionDate "2008.11.26"]
[SourceQuality "1"]

1. d4 d5 2. Nf3 Nf6 3. Bf4 Bf5 4. c4 dxc4 5. Nc3 e6 6. e3 c6 7. Bxc4 Nbd7 8. 0-0 Be7 9. h3 Nb6 10. Bb3 0-0 11. Qe2 Nbd5 12. Be5 Ne4 13. Nxe4 Bxe4 14. Nd2 Bg6 15. a3 Rc8 16. e4 Nb6 17. f4 Bf6 18. f5 Bxe5 19. dxe5 Qd4+ 20. Rf2 exf5 21. exf5 Bxf5 22. Kh1 Be6 23. Bc2 Qxb2 24. Nb3 g6 25. Rb1 Qc3 26. Rf3 Qc4 27. Bd3 Qd5 28. Nd2 Qd8 29. Ne4 Bd5 30. Nf6+ Kg7 31. Rg3 Rc7 32. Qe3 Qe7 33. Re1 Nd7 34. Nh5+ Kg8 35. Qh6 f6 36. e6 Ne5 37. Rxe5 fxe5 38. Rxg6+ Kh8 39. Rg7 Qxg7 40. Nxg7 Rxg7 41. e7 Re8 42. Bxh7 Rexe7 43. Be4+ Kg8 44. Bxd5+ cxd5 45. Qd6 d4 46. Qb8+ Kh7 47. Qxa7 d3 48. Qe3 e4 49. Kg1 Rg6 50. g4 Rd6 51. Qg5 Rdd7 52. Qh5+ Kg7 53. Qg5+ Kf7 54. Qf5+ Ke8 55. Qg6+ Kd8 56. Qb6+ Rc7 57. Qd4+ Rcd7 58. Qh8+ Kc7 59. Qc3+ Kb8 60. Qh8+ Ka7 0-1